Laporan Projek FST (Ijazah Bacelor Sains Komputer)2001.

Main Author: Wan Syuriantee Wan Sudin
Published: Terengganu: Kolej Universiti Terengganu (UPMT), 2001.
LEADER 00750cam a2200169 7i4500
001 0000135929
005 20100216090000.0
002 0000000993
090 0 0 |a LP 41 FST 4 2001  
100 0 # |a Wan Syuriantee Wan Sudin  
235 0 0 |a Sistem E-direktori   |c Wan Syuriantee Wan Sudin. 
245 0 0 |a Laporan Projek FST (Ijazah Bacelor Sains Komputer)2001. 
260 # # |a Terengganu:   |b Kolej Universiti Terengganu (UPMT),   |c 2001. 
300 |a xi, 50 p.:   |b ill.;   |c 30 cm.. 
502 # # |a Sistem E-Direktori ini merupakan suatu sistem yang akan digunakan oleh semua golongan pengguna didalam membantu penyimpanan alamat serta maklumat-maklumat lain yang berkaitan dengan kenalan pengguna 
602 # # |a Laporan Projek FST 2001 
999 |a 1100024759  |b Book  |c LAPORAN PROJEK  |e BILIK ARKIB